Statystyki dla Czy rozpoznasz władców państw po opisie?

Kliknij tutaj aby rozwiązać quiz!

Ogólne statystyki

  • Ten quiz został rozwiązany 2 071 razy
  • Średni wynik to 7 z 12

Statystyki odpowiedzi

HintOdpowiedź% Poprawnych
Pierwszy władca Polski potwierdzony przez ówczesne źródła.Mieszko I
96%
Wywołał II WŚ Rządając od Polski Gdańska. Pochodził z Austri, jednak rządził Niemcami. Austrię jednak anektował w 1938.Adolf Hitler
79%
Aktualny prezydent USADonald Trump
74%
Pierwszy Król PolskiBolesław I Chrobry
72%
Zasłyną ze stworzenia dużego imperium w krótkim czasie. Wzgardził urzędnikami oraz senatorami i ogłosił, że będzie władał dożywotnio jako dyktator. Senatorzy, urzędnicy byli bardzo tym rozzłoszczeni. W roku 44 p.n.e senatorzy zebrali się i zabili go wraz z jego przybranym synem Brutusem.Juliusz Cezar
63%
Przywódca rewolucji październikowej i ZSRRWłodzimierz Lenin
61%
Rządził jako prezydent przez 5 dni. Zginał 16 grudnia 1922 w Warszawie, w pałacu Towarzystwa Zachęty Sztuk Pięknych. Był Pierwszym prezydentem Polski.Gabriel Narutowicz
58%
Pierwszy prezydent USA/Stanów ZjednoczonychGeorge Washington
55%
Jako jedyna kobieta w Rosji miała przydomek Wielki. Była w dużej części odpowiedzialna za rozbiory Polski.Katarzyna II Wielka
49%
Jako jedyny mężczyzna w Rosji miał przydomek Wielki.Piotr I Wielki
45%
Zjednoczył NiemcyOtto von Bismarck
42%
Władca Japoni podczas II WŚHirohito
39%

Rozkład punktacji

Percentyl według liczby udzielonych odpowiedzi

Procent ludzi z każdym wynikiem

Twoja historia wyników

Nie rozwiązałeś tego quizu